[Event "RUS-ch2 Liga 1 A3 corr"]
[Site "RCCA"]
[Date "1997.??.??"]
[Round "?"]
[White "Morozov, Stanislav Anatolyev"]
[Black "Asaturyan, Sergey Rubenovich"]
[Result "1/2-1/2"]
[WhiteElo "2380"]
[BlackElo "2356"]
[PlyCount "45"]
[EventDate "1997.??.??"]
[EventType "tourn (corr)"]
[EventRounds "14"]
[EventCountry "RUS"]
[SourceTitle "Corr 2011"]
[Source "ChessBase"]
[SourceDate "2010.08.31"]
[SourceVersion "1"]
[SourceVersionDate "2010.08.31"]
[SourceQuality "1"]

1. e4 e5 2. Nf3 Nc6 3. Bb5 a6 4. Ba4 Nf6 5. 0-0 Be7 6. Re1 b5 7. Bb3 d6 8. c3 0-0 9. h3 Na5 10. Bc2 c5 11. d4 Qc7 12. Nbd2 Nc6 13. d5 Nd8 14. Nf1 Ne8 15. a4 Rb8 16. axb5 axb5 17. b4 c4 18. g4 g6 19. Ng3 Ng7 20. Kh2 f6 21. Be3 Nf7 22. Qd2 Bd7 23. Ra7 1/2-1/2

[Event "RUS-ch2 Liga 1 A3 corr"]
[Site "RCCA"]
[Date "1997.??.??"]
[Round "?"]
[White "Pankratov, Aleksandr Valerievi"]
[Black "Morozov, Stanislav Anatolyev"]
[Result "1/2-1/2"]
[WhiteElo "2530"]
[BlackElo "2380"]
[PlyCount "51"]
[EventDate "1997.??.??"]
[EventType "tourn (corr)"]
[EventRounds "14"]
[EventCountry "RUS"]
[SourceTitle "Corr 2011"]
[Source "ChessBase"]
[SourceDate "2010.08.31"]
[SourceVersion "1"]
[SourceVersionDate "2010.08.31"]
[SourceQuality "1"]

1. d4 Nf6 2. c4 e6 3. Nf3 b6 4. g3 Bb7 5. Bg2 Be7 6. 0-0 0-0 7. Nc3 Ne4 8. Qc2 Nxc3 9. Qxc3 c5 10. Rd1 d6 11. Qc2 Nc6 12. d5 Nb4 13. Qd2 exd5 14. cxd5 Bf6 15. a3 Na6 16. Rb1 Nc7 17. e4 Re8 18. Qc2 Qe7 19. Re1 Nb5 20. Bd2 Bc8 21. a4 Nd4 22. Nxd4 Bxd4 23. Bc3 Qf6 24. Rbd1 Bxc3 25. bxc3 Bd7 26. Rb1 1/2-1/2